Nba top 15 best players 2023 - Statistics

General Stats
  • This quiz has been taken 63 times
    41 since last reset
  • The average score is 13 of 15
Answer Stats
Hint Answer % Correct
Warriors Steph Curry
97%
Grizzlies Ja Morant
95%
Mavs Luka Doncic
95%
Nuggets Nikola Jokic
95%
Lakers Lebron James
92%
Hawks Trae Young
92%
Suns Devin Booker
89%
Bucks Giannis
89%
Heat Jimmy Butler
89%
Suns Kevin Durant
89%
Celtics Jayson Tatum
86%
Sixers Joel Embiid
86%
Blazers Damian Lillard
84%
Cavs Donavan Mitchell
78%
Kings Fox
70%
No matching quizzes found
Score Distribution
Percent of People with Each Score
Percentile by Number Answered
Your Score History
You have not taken this quiz since the last reset